000
00326nam a22001337a 4500
008
180313b xxu||||| |||| 00| 0 eng d
020
_a
0803656483
041
_a
eng
080
_2
2nd
_a
615.83
100
_a
8
101
_a
EKF
245
_a
Clinical kinesiology for physical therapist assistans
_c
Lippert,L
942
_2
udc
_c
BK
999
_c
44848
_d
44848